Baklažán

Podrobná bibliografia
Hlavný autor: Valšíková-Frey, Magdaléna, 1947- (Autor)
Médium: Článok
Jazyk:slovenčina
Fyzický popis:Fotogr.
ISSN:0862-5565
Predmet:

MARC

LEADER 00000nab a2200000 a 4500
001 vtls000845288
003 SK-MaSNL
005 20260303193612.0
008 180205c2003 xo 0 slo
015 |a SNBRB2003/09-25364 
035 |a CLN000196943 
040 |a SNKBUCL  |b slo  |c SNKBUCL  |e AACR2 
041 0 |a slo 
044 |a xo  |c SK 
080 |a 635.646  |2 UDC-MRF-SK2 
100 1 |a Valšíková-Frey, Magdaléna,  |d 1947-  |4 aut  |9 193550 
245 1 0 |a Baklažán  |c Magdaléna Valšíková 
300 |b Fotogr. 
650 0 7 |a baklažány  |x pestovanie  |2 snkbucl  |9 864501 
655 7 |a články z novín a časopisov  |2 snkbucl  |9 267496 
773 0 |x 0862-5565  |t Záhradkár  |g Roč. 39, č. 6 (2003), s. 18 
850 |a Slovenská národná knižnica v Martine 
852 |a SNK  |b KIS3GCP 
958 |a RBX 
999 |c 2153239  |d 2155169